| 000 | 00913nam a22002417a 4500 | ||
|---|---|---|---|
| 005 | 20080807150710.0 | ||
| 008 | 080807t xxu||||| |||| 00| 0 eng d | ||
| 010 | _aENG-90679 | ||
| 020 |
_a8184350899 _c625.00 |
||
| 035 | _aEN-74212 | ||
| 037 | _bDBAD / PUB | ||
| 040 |
_aDPL _bENGLISH |
||
| 082 | _a659.1 | ||
| 100 | _aMalviya, Subhash | ||
| 245 |
_aAdvertising management / _cby Subhash Malviya |
||
| 260 |
_aNew Delhi _bAdhyayan Publishers and Distributors _c2007 |
||
| 300 |
_av, 224p. _c22 cm.(Hb) |
||
| 500 | _aIncludes bibliographical references and index | ||
| 600 |
_aCharu Sheel Singh (1955-) _xEnglish poetry _xHistory and criticism |
||
| 650 |
_aAdvertising _xManagement |
||
| 942 |
_2ddc _cEN _h659.1 _mMAL |
||
| 999 |
_c14747 _d14747 |
||